| 000 | 00795nam a2200229 a 4500 | ||
|---|---|---|---|
| 001 | 000004287 | ||
| 005 | 20200929151424.0 | ||
| 008 | 090721s2001 sp 001 0 spa d | ||
| 020 | _a848584064X | ||
| 040 |
_aDO-SdBNP _bspa _cBNPHU |
||
| 082 |
_a371.5 _bG687d |
||
| 100 | 1 |
_aGotzens, Concepción _912660 |
|
| 245 | 1 | 3 |
_aLa disciplina escolar : _bprevención e intervención en los problemas del comportamiento escolar / _cConcepción Gotzens. |
| 250 | _a2da. ed. | ||
| 260 |
_aBarcelona : _bICE - HORSORI, _c2001. |
||
| 300 |
_a239 p. ; _c22 cm. |
||
| 490 | 1 |
_aCuadernos de educación; _v24 |
|
| 504 | _aIncluye referencias bibliográficas y notas al pie de las páginas. | ||
| 560 | 4 | _aDISCIPLINA ESCOLAR | |
| 560 | 4 | _aCONDUCCIÓN DE CLASES | |
| 830 | 0 |
_aCuadernos de esducación; _v24 _912661 |
|
| 999 |
_c4096 _d4096 |
||